| 000 | 00758nai a2200193Ia 4500 | ||
|---|---|---|---|
| 003 | IN-BaIIA | ||
| 008 | 211028c9999 xx s 000 0 eng d | ||
| 022 | _a1057-7122 (Print) | ||
| 022 | _a1558-1268 (Online) | ||
| 040 | _cIIA Library | ||
| 245 | 0 |
_aIEEE Transactions on Circuits and Systems I: Fundamental Theory and Applications _h[eJournal] |
|
| 260 |
_aNew York, USA _bThe Institute of Electrical and Electronics Engineers, Inc. (IEEE) |
||
| 310 | _aMonthly | ||
| 362 | _a39(1); 1992 - 50(12); 2003 | ||
| 521 | _bSubscribed through National Knowledge Resource Consortium (NKRC) | ||
| 650 | _aComponents, Circuits, Devices and Systems | ||
| 856 |
_uhttps://ieeexplore.ieee.org/servlet/opac?punumber=81 _yClick Here to Access eJournal |
||
| 942 | _cEJ | ||
| 999 |
_c34630 _d34630 |
||